Manual for all workers: (Record no. 14205)

000 -LEADER
fixed length control field 00616nam a2200181 a 4500
001 - CONTROL NUMBER
control field :::00012032$&:&@@
003 - CONTROL NUMBER IDENTIFIER
control field OkBaRHE
005 - DATE AND TIME OF LATEST TRANSACTION
control field 20090506150755.0
008 - FIXED-LENGTH DATA ELEMENTS--GENERAL INFORMATION
fixed length control field s1950 j 000 0 eng u
040 ## - CATALOGING SOURCE
Transcribing agency
100 1# - MAIN ENTRY--PERSONAL NAME
Personal name Armstrong, Hart R.
245 10 - TITLE STATEMENT
Title Manual for all workers:
Remainder of title Sunday school administration and organization.
260 ## - PUBLICATION, DISTRIBUTION, ETC. (IMPRINT)
Place of publication, distribution, etc Springfield, MO., :
Name of publisher, distributor, etc Gospel Pub. House
Date of publication, distribution, etc c1950
300 ## - PHYSICAL DESCRIPTION
Extent 215 p. : illus. ;
Dimensions 19 cm.
650 ## - SUBJECT ADDED ENTRY--TOPICAL TERM
Topical term or geographic name as entry element Assemblies of God, Sunday schools
942 ## - ADDED ENTRY ELEMENTS (KOHA)
Source of classification or shelving scheme
Koha item type Books
Copies
Shelving location Date acquired Not for loan Copy number Withdrawn status Source of classification or shelving scheme Date last seen Permanent Location Price effective from Barcode Koha item type Full call number Damaged status Lost status
General Stacks2010-04-14 1  2010-04-14RHEMA Bible Training College2010-04-1412032BooksBX 8769 .A3A75